All Prime Ministers and Premiers in Canadian History - Statistics

General Stats
  • This quiz has been taken 51 times
    20 since last reset
  • The average score is 46 of 327
Answer Stats
fdTerm Party Answer % Correct
1966 - 1978 Liberal Alexander B. Campbell
75%
1948 - 1958 Liberal-Progressive Douglas Lloyd Campbell
75%
2001 - 2011 Liberal Gordon Campbell
75%
2015 - 2025 Liberal Justin Trudeau
75%
1993 Progressive Conservative Kim Campbell
75%
1968 - 1979 Liberal Pierre Trudeau
75%
1936 - 1943 Liberal Thane A. Campbell
75%
1978 - 1979 Liberal William Bennett Campbell
75%
1933 - 1940 Liberal Angus L. Macdonald
63%
1900 Conservative Hugh John Macdonald
63%
1867 - 1873 Liberal-Conservative John A. Macdonald
63%
1867 - 1871 Conservative John Sandfield Macdonald
63%
1900 Non-partisan Joseph Martin
63%
2025 - Present Liberal Mark Carney
63%
2003 - 2006 Liberal Paul Martin
63%
1996 - 2000 New Democratic Piers McDonald
63%
1930 - 1935 Conservative Richard Bedford Bennet
63%
2006 - 2009 Progressive Conservative Rodney MacDonald
63%
2006 - 2015 Conservative Stephen Harper
63%
1921 - 1926 Liberal William Lyon Mackenzie King
63%
1916 - 1922 Liberal William Melville Martin
63%
1873 - 1878 Liberal Alexander Mackenzie
50%
1947 - 1952 Liberal Boss Johnson
50%
1984 - 1993 Progressive Conservative Brian Mulroney
50%
2011 - 2017 Liberal Christy Clark
50%
1994 Liberal Daniel Johnson Jr.
50%
1966 - 1968 Union Nationale Daniel Johnson Sr.
50%
2022 - Present United Conservative Danielle Smith
50%
2018 - Present Progressive Conservative Doug Ford
50%
1967 - 1970 Progressive Conservative George Isaac Smith
50%
1996 - 1999 New Democratic Glen Clark
50%
1993 - 2003 Liberal Jean Chrétien
50%
1979 - 1980 Progressive Conservative Joe Clark
50%
1957 - 1963 Progressive Conservative John Diefenbaker
50%
1948 - 1957 Liberal Louis St. Laurent
50%
1894 - 1896 Conservative Mackenzie Bowell
50%
1985 Parti Québécois Pierre Marc Johnson
50%
1911 - 1920 ConservativeUnionist Robert Borden
50%
1896 - 1911 Liberal Wilfred Laurier
50%
1920 - 1921 Conservative Arthur Meighen
38%
1901 - 1908 Liberal Arthur Peters
38%
2025 - 2026 Progressive Conservative Bloyce Thompson
38%
1990 - 1995 New Democratic Bob Rae
38%
1896 Conservative Charles Tupper
38%
1978 - 1985 Progressive Conservative Chris Pearson
38%
2022 - Present New Democratic David Eby
38%
1985 - 1990 Liberal David Peterson
38%
2019 - 2025 Progressive Conservative Dennis King
38%
2018 - 2026 Coalition Avenir Québec François Legault
38%
1891 - 1897 Liberal Frederick Peters
38%
1870 - 1871 Conservative George E. King
38%
1891 - 1892 Liberal-Conservative John Abbott
38%
1895 - 1898 Non-partisan John Herbert Turner
38%
2017 - 2022 New Democratic John Horgan
38%
1892 - 1894 Liberal-Conservative John Thompson
38%
1882 Conservative John Thompson
38%
1984 Liberal John Turner
38%
2013 - 2018 Liberal Kathleen Wynne
38%
1963 - 1968 Liberal Lester B. Pearson
38%
1936 - 1939 Union Nationale Maurice Duplessis
38%
1976 - 1985 Parti Québécois Réné Lévesque
38%
1970 - 1976 Liberal Robert Bourassa
38%
2018 - Present Saskatchewan Scott Moe
38%
1936 Liberal Alélard Godbout
25%
1960 Union Nationale Antonio Barrette
25%
2001 - 2003 Parti Québécois Bernard Landry
25%
1975 - 1986 Social Credit Bill Bennett
25%
1971 - 1985 Progressive Conservative Bill Davis
25%
1986 - 1991 Social Credit Bill Vander Zalm
25%
2026 - Present Coalition Avenir Québec Christine Fréchette
25%
2003 - 2013 Liberal Dalton McGuinty
25%
1999 - 2000 New Democratic Dan Miller
25%
1972 - 1975 New Democratic Dave Barrett
25%
1943 - 1968 Social Credit Ernest Manning
25%
2002 - 2003 Progressive Conservative Ernie Eves
25%
1985 Progressive Conservative Frank Miller
25%
1943 - 1948 Progressive Conservative George A. Drew
25%
1994 - 1996 Parti Québécois Jacques Parizeau
25%
2019 - 2022 United Conservative Jason Kenney
25%
2003 - 2012 Liberal Jean Charest
25%
1968 - 1970 Union Nationale Jean-Jacques Bertrand
25%
1960 - 1966 Liberal Jean Lesage
25%
1981 - 1986 Progressive Conservative Jim Lee
25%
1922 - 1943 Progressive John Bracken
25%
1961 - 1971 Progressive Conservative John Robarts
25%
1949 - 1961 Progressive Conservative Leslie Frost
25%
1920 - 1936 Liberal Louis-Alexandre Taschereau
25%
1996 - 2001 Parti Québécois Lucien Bouchard
25%
1991 - 1996 New Democratic Mike Harcourt
25%
1995 - 2002 Progressive Conservative Mike Harris
25%
2014 - 2015 Progressive Conservative Paul Davis
25%
2012 - 2014 Parti Québécois Pauline Marois
25%
1959 - 1960 Union Nationale Paul Sauvé
25%
2014 - 2018 Liberal Philippe Couillard
25%
1991 Social Credit Rita Johnston
25%
1874 - 1878 Non-partisan Robert Atkinson Davis
25%
1956 - 1967 Progressive Conservative Robert Stanfield
25%
1948 - 1949 Progressive Conservative Thomas Laird Kennedy
25%
1944 - 1961 Co-operative Commonwealth Tommy Douglas
25%
2000 - 2001 New Democratic Ujjal Dosanjh
25%
2023 - Present New Democratic Wab Kinew
25%
1952 - 1972 Social Credit William Andrew Cecil Bennett
25%
2011 - 2014 Progressive Conservative Alison Redford
13%
2011 - 2019 Non-partisan Bob McLeod
13%
2007 - 2018 Saskatchewan Brad Wall
13%
2016 - 2021 Progressive Conservative Brian Pallister
13%
2014 Progressive Conservative Dave Hancock
13%
1985 - 1992 Progressive Conservative Don Getty
13%
1995 - 1998 Non-partisan Don Morin
13%
2015 - 2020 Liberal Dwight Ball
13%
2006 - 2011 Progressive Conservative Ed Stelmach
13%
1871 - 1872 Liberal Edward Blake
13%
1999 - 2009 New Democratic Gary Doer
13%
1942 - 1943 Liberal George Daniel Conant
13%
2009 - 2016 New Democratic Greg Selinger
13%
1943 Liberal Harry Nixon
13%
1968 - 1971 Social Credit Harry Strom
13%
2021 - 2023 Progressive Conservative Heather Stefanson
13%
2014 - 2015 Progressive Conservative Jim Prentice
13%
1949 - 1972 Liberal Joey Smallwood
13%
1941 - 1947 Liberal John Hart
13%
1919 - 1923 Liberal John Howatt Bell
13%
1943 - 1953 Liberal John Walter Jones
13%
2021 Progressive Conservative Kelvin Goertzen
13%
1934 - 1942 Liberal Mitchell Hepburn
13%
1872 - 1896 Liberal Oliver Mowat
13%
1971 - 1985 Progressive Conservative Peter Lougheed
13%
2015 - 2019 New Democratic Rachel Notley
13%
1992 - 2006 Progressive Conservative Ralph Klein
13%
2006 - 2010 Liberal Shawn Graham
13%
1977 - 1981 Progressive Conservative Sterling Lyon
13%
1933 - 1941 Liberal Thomas Dufferin Pattullo
13%
1935 - 1943 Social Credit William Aberhart
13%
1927 - 1930 Liberal Albert C. Saunders
0%
1897 - 1898 Liberal Alexander B. Waburton
0%
1905 - 1910 Liberal Alexander Cameron Rutherford
0%
1887 - 1889 Non-partisan Alexander Edmund Batson Davie
0%
1940 - 1945 Liberal Alexander Stirling MacMillan
0%
1953 - 1959 Liberal Alexander W. Matheson
0%
1870 - 1871 Non-partisan Alfred Boyd
0%
1971 - 1982 New Democratic Allan Blakeney
0%
1935 - 1940 Liberal Allison A. Dysart
0%
1872 - 1874 Non-partisan Amor De Cosmos
0%
1876 - 1878 Non-partisan Andrew Charles Elliott
0%
2020 - 2025 Liberal Andrew Furey
0%
1883 - 1896 Liberal Andrew G. Blair
0%
1867 - 1870 Confederation Andrew R. Wetmore
0%
1910 - 1917 Liberal Arthur Sifton
0%
1896 - 1899 Liberal Arthur Sturgis Hardy
0%
1917 - 1919 Conservative Aubin-Edmond Arsenault
0%
2000 - 2001 Liberal Beaton Tulk
0%
1998 - 2006 Progressive Conservative Bernard Lord
0%
2018 - 2024 Progressive Conservative Blaine Higgs
0%
2014 - 2018 Liberal Brian Gallant
0%
1979 - 1989 Progressive Conservative Brian Peckford
0%
1996 - 2000 Liberal Brian Tobin
0%
1998 - 1999 Liberal Camille Thériault
0%
2019 - 2023 Non-partisan Caroline Cochrane
0%
1993 - 1996 Liberal Catherine Callbeck
0%
1898 - 1900 Non-partisan Charles Augustus Semlin
0%
1922 - 1926 Liberal Charles Avery Dunning
0%
1874 - 1878 Conservative Charles Boucher de Boucherville
0%
1931 - 1933 Conservative Charles D. Richard
0%
1917 - 1921 Liberal Charles Stewart
0%
1907 - 1908 Liberal Clifford W. Robinson
0%
1989 - 1996 Liberal Clyde Wells
0%
2025 - Present Yukon Currie Dixon
0%
1882 - 1883 Conservative Daniel L. Hanington
0%
2003 - 2010 Progressive Conservative Danny Williams
0%
2009 - 2013 New Democratic Darrell Dexter
0%
2011 - 2016 Yukon Darrell Pasloski
0%
2010 - 2014 Progressive Conservative David Alward
0%
1887 - 1888 Non-partisan David Howard Harrison
0%
1958 - 1967 Progressive Conservative Defferin Roblin
0%
2002 - 2011 Yukon Dennis Fentie
0%
1987 - 1991 Non-partisan Dennis Patterson
0%
1898 - 1901 Liberal Donald Farquharson
0%
1991 - 1993 Progressive Conservative Donald William Cameron
0%
1925 - 1930 Conservative Edgar Nelson Rhodes
0%
1896 - 1897 Conservative Edmund James Flynn
0%
1902 - 1903 Non-partisan Edward Gawler Prior
0%
1969 - 1977 New Democratic Edward Schreyer
0%
1919 - 1923 United Farmers Ernest Drury
0%
1923 - 1925 Liberal Ernest Howard Armstrong
0%
2008 - 2013 Non-partisan Eve Aariak
0%
1897 - 1900 Liberal Félix-Gabriel Marchand
0%
2007 - 2011 Non-partisan Floyd Roland
0%
1908 - 1911 Liberal Francis Haszard
0%
1987 - 1997 Liberal Frank McKenna
0%
1972 - 1979 Progressive Conservative Frank Moores
0%
1891 - 1905 Non-partisan Frederick Haultain
0%
1988 - 1999 Progressive Conservative Gary Filmon
0%
1873 - 1874 Conservative Gédéon Ouimet
0%
1874 - 1876 Non-partisan George Anthony Walkem
0%
1980 - 1984 Non-partisan George Braden
0%
1914 - 1917 Conservative George Clarke
0%
1896 - 1923 Liberal George Henry Murray
0%
1871 - 1872 Conservative George L. Hathaway
0%
1930 - 1934 Conservative George Stewart Henry
0%
1899 - 1905 Liberal George William Ross
0%
1970 - 1978 Liberal Gerald Regan
0%
1998 Non-partisan Goo Arlooktoo
0%
1930 - 1933 Conservative Gordon Sidney Harrington
0%
1982 - 1991 Progressive Conservative Grant Devine
0%
1916 - 1918 Liberal Harlan Carey Brewster
0%
1954 Liberal Harold Connolly
0%
1878 - 1879 Liberal Henri-Gustave Joly de Lotbinière
0%
1897 - 1900 Liberal Henry Emmerson
0%
1954 - 1956 Liberal Henry Hicks
0%
1872 - 1874 Non-partisan Henry Joseph Clarke
0%
1921 - 1925 United Farmers Herbert Greenfield
0%
1911 Liberal Herbert James Palmer
0%
1867 Conservative Hiram Blanchard
0%
1887 - 1891 Parti National Honoré Mercier
0%
1923 - 1930 Conservative Howard Ferguson
0%
1981 - 1988 New Democratic Howard Pawley
0%
1952 - 1960 Progressive Conservative Hugh John Flemming
0%
2021 Liberal Iain Rankin
0%
1917 Conservative James A. Murray
0%
1873 Conservative James Colledge Pope
0%
1923 - 1927 Conservative James D. Stewart
0%
1900 - 1902 Non-partisan James Dunsmuir
0%
1926 - 1929 Liberal James G. Gardiner
0%
1911 - 1914 Conservative James Kidd Flemming
0%
1896 - 1897 Liberal James Mitchell
0%
1929 - 1934 Conservative James Thomas Milton Anderson
0%
1905 - 1914 Conservative James Whitney
0%
1998 - 2000 Non-partisan Jim Antoine
0%
1986 - 1993 Liberal Joe Ghiz
0%
2003 - 2007 Non-partisan Joe Handley
0%
2018 - 2021 Non-partisan Joe Savikataaq
0%
1911 - 1917 Conservative John A. Mathieson
0%
1979 - 1981 Progressive Conservative John Angus MacLean
0%
1925 - 1931 Conservative John B. M. Baxter
0%
1940 - 1952 Liberal John B. McNair
0%
1978 - 1990 Progressive Conservative John Buchanan
0%
1908 - 1911 Conservative John Douglass Hazen
0%
1927 - 1928 Liberal John Duncan MacLean
0%
1925 - 1934 United Farmers John Edward Brownlee
0%
1999 - 2006 Progressive Conservative John F. Hamm
0%
1871 - 1872 Non-partisan John Foster McCreight
0%
2025 Liberal John Hogan
0%
1878 - 1882 Conservative John James Fraser
0%
1884 - 1887 Conservative John Jones Ross
0%
2025 - Present Non-partisan John Main
0%
1878 - 1887 Non-partisan John Norquay
0%
1918 - 1927 Liberal John Oliver
0%
1992 - 1996 Yukon John Ostashek
0%
1889 - 1892 Non-partisan John Robson
0%
1993 - 1997 Liberal John Savage
0%
1879 - 1882 Conservative Joseph-Adolphe Chapleau
0%
1882 - 1884 Conservative Joseph-Alfred Moussea
0%
2010 - 2014 Progressive Conservative Kathy Dunderdale
0%
1996 Liberal Keith Milligan
0%
1873 - 1876 Conservative Lemuel Cambridge Owens
0%
1900 - 1907 Liberal Lemuel J. Tweedie
0%
1933 - 1935 Conservative Leonard P. D. Tilley
0%
1905 - 1920 Liberal Lomer Gouin
0%
2001 - 2007 New Democratic Lorne Calvert
0%
1876 - 1879 Liberal Louis Henry Davies
0%
1960 - 1970 Liberal Louis Joseph Robinchaud
0%
1887 Conservative Louis-Olivier Taillon
0%
1871 - 1872 Non-partisan Marc-Amable Girard
0%
2025 Liberal Mike Pemberton
0%
1889 - 1891 Conservative Neil McLeod
0%
1991 - 1995 Non-partisan Nelie Cournoyea
0%
1985 - 1989 Non-partisan Nick Sibbeston
0%
1996 - 2007 Progressive Conservative Pat Binns
0%
2000 - 2002 Liberal Pat Duncan
0%
1999 - 2008 Non-partisan Paul Okalik
0%
2021 - 2025 Non-partisan Pauloosie Jamesie Akeeagok
0%
2017 - 2018 Non-partisan Paul Quassa
0%
1923 - 1925 Liberal Peter J. Veniot
0%
2013 - 2017 Non-partisan Peter Taptuna
0%
1875 - 1878 Liberal Philip Carteret Hill
0%
1867 - 1873 Conservative Pierre-Joseph-Olivier Chauveau
0%
2023 - 2025 Liberal Ranj Pillai
0%
1997 - 1998 Liberal Ray Frenette
0%
1970 - 1987 Progressive Conservative Richard Bennet Hatfield
0%
1934 - 1935 United Farmers Richard Gavin Reid
0%
1903 - 1915 Conservative Richard McBride
0%
1984 - 1985 Non-partisan Richard Nerysoo
0%
2023 - Present Non-partisan R. J. Simpson
0%
1882 - 1883 Non-partisan Robert Beaven
0%
2007 - 2015 Liberal Robert Ghiz
0%
2025 Progressive Conservative Rob Lantz
0%
2026 - Present Progressive Conservative Rob Lantz
0%
1900 - 1915 Conservative Rodmond Roblin
0%
2001 - 2003 Liberal Roger Grimes
0%
1990 - 1991 Progressive Conservative Roger Stuart Bacon
0%
1964 - 1971 Liberal Ross Thatcher
0%
1991 - 2001 New Democratic Roy Romanow
0%
1997 - 1999 Liberal Russell MacLellan
0%
2016 - 2023 Liberal Sandy Silver
0%
1928 - 1933 Conservative Simon Fraser Tolmie
0%
1878 - 1882 Conservative Simon Hugh Holmes
0%
1900 - 1905 Liberal Simon-Napoléon Parent
0%
2000 - 2003 Non-partisan Stephen Kafwi
0%
2013 - 2021 Liberal Stephen McNeil
0%
1943 - 1948 Liberal-Progressive Stuart Garson
0%
2024 - Present Liberal Susan Holt
0%
1892 - 1895 Non-partisan Theodore Davie
0%
1888 - 1900 Liberal Thomas Greenway
0%
1905 - 1916 Liberal Thomas Walter Scott
0%
2021 - Present Progressive Conservative Tim Houston
0%
1915 - 1922 Liberal Tobias Norris
0%
2014 Progressive Conservative Tom Marshall
0%
1989 Progressive Conservative Tom Rideout
0%
1985 - 1992 New Democratic Tony Penikett
0%
2025 - Present Progressive Conservative Tony Wakeham
0%
2015 - 2019 Liberal Wade H. MacLauchlan
0%
1917 - 1923 Liberal Walter E. Foster
0%
1930 - 1931 Liberal Walter M. Lea
0%
1959 - 1966 Progressive Conservative Walter R. Shaw
0%
1967 - 1969 Progressive Conservative Walter Weir
0%
1985 Progressive Conservative Willard Phelps
0%
1867 - 1875 Anti-Confederation William Annand
0%
1914 - 1919 Conservative William Hearst
0%
1915 - 1916 Conservative William John Bowser
0%
1935 - 1944 Liberal William John Patterson
0%
1933 - 1935 Conservative William J. P. MacMillan
0%
1907 Liberal William Pugsley
0%
1883 - 1887 Non-partisan William Smithe
0%
1884 - 1896 Liberal William Stevens Fielding
0%
1882 - 1884 Liberal William Thomas Pipes
0%
1879 - 1889 Conservative William Wilfred Sullivan
0%
1961 - 1964 Co-operative Commonwealth Woodrow Lloyd
0%
No matching quizzes found
Score Distribution
Percent of People with Each Score
Percentile by Number Answered
Your Score History
You have not taken this quiz since the last reset